| 000 | 00833nam a22002297a 4500 | ||
|---|---|---|---|
| 999 |
_c4742 _d4742 |
||
| 003 | AR-CdUCM | ||
| 008 | 190311b ||||| |||| 00| 0 spa d | ||
| 020 | _a9972-755-36-3 | ||
| 040 |
_aMUNICIPALIDAD PROVINCIAL DEL CUSCO _cBIBLIOTECA MUNICIPAL DEL CUSCO |
||
| 082 |
_a911.85 / _bL92 |
||
| 100 |
_aLozada de Gamboa, Carmen _914666 |
||
| 245 | _aPerú: demarcación territorial II / | ||
| 260 |
_aLima : _bFondo Edit. del Congreso del Perú, _c2000. |
||
| 300 |
_a819 paginas ; _bDiagramas, _c21 cm. |
||
| 505 | _aDepartamento de Amazonas -- Departamento de Apurimac -- Departamento de Ayacucho -- Departamento de Lambayeque -- Departamento de Lima... | ||
| 650 |
_aPerú _935 |
||
| 650 |
_aDepartamentos _914667 |
||
| 650 |
_aTerritorio _914668 |
||
| 650 |
_aGeografía política _914669 |
||
| 942 |
_2ddc _cLIBROS |
||
| 945 | _awnts | ||